000 00456nam a2200097Ia 4500
008 180130s9999 xx 000 0 und d
245 _cKulka, Raanan
_aPsyche or soul in psychoanalysis: towards the conceptualization of play as a psychoanalytic transcendental selfobject
260 _c2014
300 _aBook title: Play : psychoanalytic perspectives, survival and human development--Acession number C18636; pages 47-61
650 _aPLAY--PSYCHOLOGICAL ASPECTS
999 _c354503
_d354503